VALORANT Agents 2025 - Statistiken

Allgemein
  • Dieses Quiz wurde 702 mal gespielt
  • Das Durchschnittsergebnis liegt bei 19 aus 26
Antwortstatistiken
AGENTS % Korrekt
Jett
95%
Reyna
94%
KAY/O
91%
Brimstone
90%
Omen
85%
Sage
82%
Breach
81%
Phoenix
80%
Clove
79%
Cypher
79%
Raze
78%
Viper
77%
Chamber
73%
Iso
73%
Skye
72%
Yoru
72%
Killjoy
70%
Sova
70%
Deadlock
68%
Neon
68%
Astra
65%
Gekko
64%
Tejo
63%
Fade
59%
Harbor
58%
Vyse
51%
Keine übereinstimmenden Quizze gefunden
Verteilung der Resultate
Anzahl Personen mit jedem Resultat
Perzentil nach korrekt beantworteten Fragen
Ihre Resultats-Entwicklung
Sie haben dieses Quiz noch nicht gespielt